| 000 | 00486nam a2200157 a 4500 | ||
|---|---|---|---|
| 001 | 1194 | ||
| 003 | CDMR | ||
| 005 | 20130708124817.0 | ||
| 008 | 130130s2006||||||||||||||||||||||||||||d | ||
| 040 |
_aCDMR _bcat _cCPC GIRONA |
||
| 100 | 1 |
_aBorrell i Sabater, Miquel _9938 |
|
| 245 | 1 | 0 |
_aEscultures a la via pública _bL'Alt Empordà, el Baix Empordà i la Selva _cBorrell i Sabater, Miquel |
| 260 |
_c2006 _bDiputació de Girona |
||
| 490 | 0 |
_aLes terres gironines _vVolum II |
|
| 942 |
_cMON _2udc |
||
| 999 |
_c1194 _d1194 |
||